Sociology of information management / (Record no. 132820)

MARC details
000 -LEADER
fixed length control field 00655nam a22002297a 4500
005 - DATE AND TIME OF LATEST TRANSACTION
control field 20170124110200.0
010 ## - LIBRARY OF CONGRESS CONTROL NUMBER
LC control number A-933968
020 ## - INTERNATIONAL STANDARD BOOK NUMBER
Terms of availability 00.00
035 ## - SYSTEM CONTROL NUMBER
System control number A-933968
037 ## - SOURCE OF ACQUISITION
Source of stock number/acquisition Cen Lib/Ret
040 ## - CATALOGING SOURCE
Original cataloging agency DPL
Language of cataloging EN
082 ## - DEWEY DECIMAL CLASSIFICATION NUMBER
Classification number 020
Item number GIR
100 ## - MAIN ENTRY--PERSONAL NAME
Personal name Girja Kumar
9 (RLIN) 1102
245 ## - TITLE STATEMENT
Title Sociology of information management /
Statement of responsibility, etc by Girja Kumar
260 ## - PUBLICATION, DISTRIBUTION, ETC. (IMPRINT)
Place of publication, distribution, etc New Delhi
Name of publisher, distributor, etc Har-Anand Publications
Date of publication, distribution, etc 1998
270 ## - ADDRESS
Address 364-A, Chirag Delhi
City New Delhi
Postal code 110017
300 ## - PHYSICAL DESCRIPTION
Extent 208p.
Dimensions 22cm(Hb)
500 ## - GENERAL NOTE
General note Includes index<br/>
650 ## - SUBJECT ADDED ENTRY--TOPICAL TERM
Topical term or geographic name as entry element Library science
9 (RLIN) 35840
650 ## - SUBJECT ADDED ENTRY--TOPICAL TERM
Topical term or geographic name as entry element Information management
9 (RLIN) 35841
942 ## - ADDED ENTRY ELEMENTS (KOHA)
Source of classification or shelving scheme Dewey Decimal Classification
Koha item type English Books
Classification part 020
Call number suffix GIR
Holdings
Withdrawn status Lost status Damaged status Not for loan Home library Current library Date acquired Source of acquisition Cost, normal purchase price Total Checkouts Full call number Barcode Date last seen Copy number Cost, replacement price Price effective from Koha item type
        Central Library Central Library 23/07/2015 Cen Lib/Ret 0.00   020 GIR A-933968 23/07/2015 1 0.00 23/07/2015 English Books

© Delhi Public Library
Hit Counter
free hit counter